| 000 | 00531nam a22001937a 4500 | ||
|---|---|---|---|
| 003 | OSt | ||
| 005 | 20140310182845.0 | ||
| 008 | 130611t xxu||||| |||| 00| 0 eng d | ||
| 050 |
_aTX 551 _b.L477 1990 |
||
| 082 |
_aM 664 _bL51 1990 |
||
| 245 |
_aThe nutritional guide to popular brand name foods / _cLee, Carol |
||
| 260 |
_aLos Angeles, Calif. : _bJBG Publishing, _cc1990. |
||
| 300 |
_a128 p. ; _c17 cm. |
||
| 521 | _acollege students | ||
| 526 | _c1210L-1700L | ||
| 541 | _j1 | ||
| 562 | _e1 | ||
| 942 |
_2lcc _cBK _kM |
||
| 999 |
_c16904 _d16904 |
||